| 000 | 01030cam a2200289 a 4500 | ||
|---|---|---|---|
| 001 | 1844070 | ||
| 005 | 20250201114901.0 | ||
| 008 | 811008s1982 inu b 001 0 eng | ||
| 020 | _a0253318327 | ||
| 041 | 0 | _aengfre | |
| 050 | 0 | 0 |
_aGR357.3 _b.H4813 1982 |
| 082 | 0 | 0 |
_a398.2/0967 _219 |
| 100 | 1 | _aHeusch, Luc de. | |
| 245 | 1 | 4 |
_aThe drunken king, or, The origin of the state / _cLuc de Heusch ; translated and annotated by Roy Willis. |
| 260 |
_aBloomington : _bIndiana University Press, _cc1982. |
||
| 300 |
_axiv, 269 p. ; _c24 cm. |
||
| 440 | 0 | _aAfrican systems of thought | |
| 500 | _aTranslation of: Roi ivre. | ||
| 500 | _aIncludes index. | ||
| 650 | 0 |
_aBantu-speaking peoples _xFolklore. |
|
| 650 | 0 |
_aBantu-speaking peoples _xReligion. |
|
| 650 | 0 | _aMythology, African. | |
| 650 | 0 |
_aStructural anthropology _zAfrica, Central. |
|
| 650 | 0 |
_aBantu-speaking peoples _xRites and ceremonies. |
|
| 856 | 4 | 2 |
_3Publisher description _uhttp://www.loc.gov/catdir/enhancements/fy1401/81047569-d.html |
| 942 |
_2lcc _cBK _n0 |
||
| 999 |
_c3346 _d3346 |
||